01076 2200349 4500001002100000005001500021035002500036007000300061008004100064020003200105020003200137040001700169082001600186084001400202090001800216090002200234090002200256245008500278260003600363300003200399500003500431505005100466650004000517710002500557850001200582999002200594999002200616990002200638990002200660990002200682990002200704INLIS00000000003371120200518025255 a0010-021800000000437ta180220s2015 yoi g ind d a978-602-280-978-4 (jilid 2) a978-602-280-979-1 (jilid 3) aYOPDYOGbind042[22]a615.1 a615.1 FAR aDEP 615.1 FAR aCB-D.11 2015-2650 aCB-D.11 2015-26510 aFarmakologi :bdisusun berdasarkan kurikulum SMK farmasi /cTim MGMP KORWIL PATI aYogyakarta :bDeepublish,c2015 a...jilid :bilus. ;c25 cm. aYang diterima jilid 2, jilid 3 ajilid 1: Farmakologi 2, jilid 3: Farmakologi 3 4aFarmakologi--xStudi dan pengajaran aTIM MGMP KORWIL PATI aYOPDYOG aCB-D.11/2015-2650 aCB-D.11/2015-2651 aCB-D.11/2015-2650 aCB-D.11/2015-2651 aCB-D.11/2015-2650 aCB-D.11/2015-2651